Zelda Dungeon Items Quiz Stats

 Plays Quiz Updated Jan 10, 2019

Support Sporcle.
Go Orange.
Score 0/112 Timer 10:00
8 Plays Today
Dungeon Item % Correct
Legend of ZeldaBow and Boomerang
93.7%
Skyward SwordBow
91.5%
Ocarina of TimeFairy Bow
91.5%
Majora's MaskHero's Bow
91.3%
Wind WakerHero's Bow
91.3%
Twilight PrincessHero's Bow
91.3%
A Link to the PastBow
89.9%
Phantom HourglassBow
89.9%
Ocarina of TimeBoomerang
88.6%
Wind WakerBoomerang
88.6%
Phantom HourglassBoomerang
88.6%
A Link to the PastHookshot
79.6%
Link's AwakeningHookshot
79.6%
Wind WakerHookshot
79.6%
Phantom HourglassBombs
76.3%
Ocarina of TimeFairy Slingshot
73.4%
Oracle of SeasonsSlingshot
72.3%
Spirit TracksBow
69.7%
Spirit TracksBoomerang
68.5%
Ocarina of TimeSilver Gauntlets and Mirror Shield
65.7%
Skyward SwordBomb Bag
63.3%
A Link to the PastMirror Shield
62.3%
Link's AwakeningMirror Shield
62.3%
Wind WakerMirror Shield
62.3%
A Link to the PastMagical Hammer
59.1%
Ocarina of TimeLongshot
58%
Phantom HourglassHammer
57.3%
Majora's MaskLight Arrows
56.5%
Ocarina of TimeBomb Bag
56.3%
Majora's MaskFire Arrows
53.6%
Majora's MaskIce Arrows
52.7%
Ocarina of TimeMegaton Hammer
49.1%
Twilight PrincessClawshot
46.5%
Ocarina of TimeHover Boots
46.4%
Breath of the WildMipha's Grace
44.2%
Breath of the WildRevali's Gale
42.3%
Wind WakerGrappling Hook
42%
Phantom HourglassGrappling Hook
42%
Dungeon Item % Correct
Skyward SwordWhip
41.9%
Breath of the WildDaruk's Protection
41.5%
Breath of the WildHylian Shield
41.5%
Skyward SwordBeetle
40.5%
Twilight PrincessBall and Chain
40.3%
Breath of the WildUrbosa's Fury
39.3%
A Link Between WorldsBlue Mail
39%
A Link Between WorldsRed Mail
39%
Twilight PrincessDouble Clawshot
38.7%
Twilight PrincessSpinner
37.3%
Twilight PrincessGale Boomerang
37.3%
Legend of ZeldaRaft
36.9%
Zelda 2Raft
36.9%
Ocarina of TimeGolden Gauntlets
36%
A Link to the PastFire Rod
35%
Link's AwakeningRoc's Feather
32.8%
Oracle of SeasonsRoc's Feather
32.8%
Oracle of AgesRoc's Feather
32.8%
Zelda 2Handy Glove
32.4%
Legend of ZeldaWhistle
32.3%
Zelda 2Whistle
32.3%
A Link Between WorldsHylian Shield
31%
Wind WakerSkull Hammer
31%
Legend of ZeldaRed Candle
31%
Legend of ZeldaLadder
30.3%
Zelda 2Winged Boots
30.1%
Skyward SwordGust Bellows
29.8%
Twilight PrincessDominion Rod
29.8%
Legend of ZeldaMagic Wand
28.6%
Zelda 2Candle
28.4%
Link's AwakeningPower Bracelet
27.9%
Oracle of SeasonsPower Bracelet
27.9%
Oracle of AgesPower Bracelet
27.9%
Link's AwakeningPegasus Boots
27.3%
Phantom HourglassBombchu
27%
Oracle of SeasonsRoc's Cape
26.4%
Minish CapRoc's Cape
26.4%
A Link to the PastRed Mail
26.3%
Dungeon Item % Correct
A Link to the PastBlue Mail
26.3%
Legend of ZeldaRed Ring and Silver Arrows
26.2%
A Link Between WorldsTitan's Mitt
25.9%
Spirit TracksWhip
25.4%
Minish CapFlame Lantern
25%
A Link to the PastPower Glove
24.9%
Oracle of AgesPower Glove
24.9%
Legend of ZeldaMagical Boomerang
23%
Oracle of SeasonsMagical Boomerang
23%
A Link Between WorldsMaster Ore
22%
A Link Between WorldsMaster Ore
22%
A Link Between WorldsMaster Ore
22%
Link's AwakeningFlippers
21.9%
Skyward SwordMogma Mitts
20.7%
Twilight PrincessLight Sword
20.4%
Minish CapGust Jar
20.3%
A Link to the PastMoon Pearl
19.7%
Legend of ZeldaMagic Book and Magic Key
18.9%
A Link to the PastCane of Somaria
18.6%
Oracle of AgesCane of Somaria
18.6%
Link's AwakeningMagic Rod
18.5%
A Link to the PastTitan's Mitt
16.8%
Spirit TracksSand Wand
15.5%
Oracle of AgesSeed Shooter
15.1%
Minish CapMole Mitts
14.9%
Minish CapCane of Pacci
14.3%
A Link Between WorldsStamina Scroll
14.3%
Oracle of SeasonsSeed Satchel and Ember Seeds
14.2%
Oracle of SeasonsMagnetic Gloves
13.7%
Link's AwakeningPower Bracelet L2
13.4%
Oracle of AgesMermaid Suit
13.3%
Oracle of AgesSwitch Hook
12.9%
Zelda 2Cross
12.8%
Oracle of AgesLong Hook
10.5%
Spirit TracksWhirlwind
10%
Oracle of SeasonsHyper Slingshot
9.7%

From the Vault

Seven Sisters Colleges

by Kicking222

I have friends who have been kicked out of most of these school...of course they are guys, so that might have something to do with it.
Remove Ads.
Support Sporcle.
Get the best of Sporcle when you Go Orange. This ad-free experience offers more features, more stats, and more fun while also helping to support Sporcle. Thank you for becoming a member.

Show Comments

Extras

Top Quizzes Today


Score Distribution

Your Account Isn't Verified!

In order to create a playlist on Sporcle, you need to verify the email address you used during registration. Go to your Sporcle Settings to finish the process.

Report this User

Report this user for behavior that violates our Community Guidelines.

Details: